| 000 | 00802cam a22002415i 4500 | ||
|---|---|---|---|
| 999 |
_c3750 _d3750 |
||
| 003 | EG-ScBUE | ||
| 005 | 20210127125532.0 | ||
| 008 | 090111q1988 ua g 000 1f ara d | ||
| 040 |
_aEG-ScBUE _bara _erda _cEG-ScBUE _dEG-ScBUE |
||
| 082 | 0 | 4 |
_a892.736 _bإ د ر _222 |
| 100 | 1 |
_aإدريس، يوسف، _d1927-1991، _eمؤلف. _916802 |
|
| 245 | 1 | 2 |
_aالحرام / _cيوسف إدريس. |
| 264 | 1 |
_aالقاهرة : _bمكتبة مصر، _c[1988] |
|
| 300 |
_a144 صفحة ؛ _b20 سم. |
||
| 336 |
_aنص _btxt _2rdacontent |
||
| 337 |
_aبدون وسيط _bn _2rdamedia |
||
| 338 |
_aمجلد _bnc _2rdacarrier |
||
| 490 | 0 | _aمطبوعات مكتبة مصر | |
| 650 | 7 |
_aالقصص العربية _yقرن 20. _2BUEsh |
|
| 651 | _2BUEsh | ||
| 653 |
_bARALIT _bGGEN _cJanuary2021 |
||
| 942 |
_cBB _2ddc |
||